Приемопередающие устройства. Ч. 1: Аналого-цифровые устройства (Запись № 11975614)

Подробности
000 -МАРКЕР
контрольное поле 02249nam2a2200301 4500
001 - ИДЕНТИФИКАТОР ЗАПИСИ
контрольное поле RU\NLR\BIBL_A\012117525
005 - ИДЕНТИФИКАТОР ВЕРСИИ
контрольное поле 20191023120857.0
010 ## - МЕЖДУНАРОДНЫЙ СТАНДАРТНЫЙ НОМЕР КНИГИ (ISBN)
Номер (ISBN) 978-5-7256-0909-7
Тираж 100
021 ## - НОМЕР ГОСУДАРСТВЕННОЙ РЕГИСТРАЦИИ
Код страны Российская Федерация
Номер КН-П-19-069093
Номер Листа государственной регистраци КН-П-19-4981
035 ## - ДРУГИЕ СИСТЕМНЫЕ НОМЕРА
Идентификатор записи (NLR Aleph) 012117525
035 ## - ДРУГИЕ СИСТЕМНЫЕ НОМЕРА
Идентификатор записи (RuMoRGB)010093489
100 ## - ДАННЫЕ ОБЩЕЙ ОБРАБОТКИ
Данные общей обработки 20191011d2019 u y0rusy50 ca
101 0# - ЯЗЫК РЕСУРСА
Язык текста, звукозаписи и т.д. русский
102 ## - СТРАНА ПУБЛИКАЦИИ ИЛИ ПРОИЗВОДСТВА
Страна публикации Российская Федерация
105 ## - ПОЛЕ КОДИРОВАННЫХ ДАННЫХ: ТЕКСТОВЫЕ МАТЕРИАЛЫ, МОНОГРАФИЧЕСКИЕ
Кодированные данные о монографическом текстовом документе a|||j|||000yy
200 1# - ЗАГЛАВИЕ И СВЕДЕНИЯ ОБ ОТВЕТСТВЕННОСТИ
Основное заглавие Аналого-цифровые устройства
210 ## - ПУБЛИКАЦИЯ, РАСПРОСТРАНЕНИЕ И ДР.
Дата издания, распространения и т.д. 2019
215 ## - ФИЗИЧЕСКАЯ ХАРАКТЕРИСТИКА
Специфическое обозначение материала и объем 227 с.
Другие сведения о физической характеристике ил.
320 ## - ПРИМЕЧАНИЯ О НАЛИЧИИ В ДОКУМЕНТЕ БИБЛИОГРАФИИ / УКАЗАТЕЛЯ
Текст примечания Библиогр. в конце гл.
461 #0 - УРОВЕНЬ НАБОРА
Встроенное поле 001RU\NLR\BIBL_A\012117522
-- 2001#$aПриемопередающие устройства$eучебное пособие$e[для магистров и специалистов радиотехнических специальностей, обучающихся по направлению 11.04.01, 11.05.01 "Радиотехника", 11.04.02, 11.05.02 "Инфокоммуникационные технологии и системы связи"]$fВ.А. Галкин$gМинистерство науки и высшего образования Российской Федерации, Национальный исследовательский университет "МИЭТ"$vЧ. 1
-- 700#1$aГалкин$bВ. А.$gВячеслав Александрович
Системный номер (АБИС) связанной записи 11975595
Автор Галкин, В. А.
Место публикации Москва
Дата публикации 2019
Первые сведения об ответственности В.А. Галкин
Имя издателя, распространителя и т.д. МИЭТ
Сведения, относящиеся к заглавию учебное пособие : [для магистров и специалистов радиотехнических специальностей, обучающихся по направлению 11.04.01, 11.05.01 "Радиотехника", 11.04.02, 11.05.02 "Инфокоммуникационные технологии и системы связи"]
Заглавие Приемопередающие устройства
Номер тома Ч. 1
606 1# - НАИМЕНОВАНИЕ ТЕМЫ КАК ПРЕДМЕТ
Наименование темы Аналого-цифровые преобразователи
Формальный подзаголовок Учебные издания для высших учебных заведений
Системный номер авторитетной/нормативной записи 2204762
Идентификатор авторитетной/нормативной записи RU\NLR\AUTH\661324690
686 1# - ИНДЕКСЫ ДРУГИХ КЛАССИФИКАЦИЙ
Индекс З973.3-044.42я73-1
942 ## - ДОПОЛНИТЕЛЬНЫЕ ЭЛЕМЕНТЫ ЗАПИСИ (АБИС)
Тип экземпляра АБИС Книга
980 ## - КОЛЛЕКЦИЯ
Название коллекции НБР
980 ## - КОЛЛЕКЦИЯ
Название коллекции Национальная библиография

Нет доступных экземпляров.